<?xml version="1.0" encoding="UTF-8"?>
<collection xmlns="http://www.loc.gov/MARC21/slim">
 <record>
  <leader>01467nam a2200241 a 4500</leader>
  <controlfield tag="001">1/48540</controlfield>
  <controlfield tag="008">190327s2002    gr a          00010 gre  </controlfield>
  <datafield tag="020" ind1=" " ind2=" ">
   <subfield code="a">9602440724</subfield>
  </datafield>
  <datafield tag="035" ind1=" " ind2=" ">
   <subfield code="l">51537</subfield>
  </datafield>
  <datafield tag="040" ind1=" " ind2=" ">
   <subfield code="a">GR-PeUP</subfield>
  </datafield>
  <datafield tag="082" ind1="0" ind2="0">
   <subfield code="a">634.809495 ΤΕΧ</subfield>
  </datafield>
  <datafield tag="111" ind1="1" ind2=" ">
   <subfield code="a">Τριήμερο εργασίας</subfield>
   <subfield code="n">(9o :</subfield>
   <subfield code="d">1999 :</subfield>
   <subfield code="c">Δράμα)</subfield>
  </datafield>
  <datafield tag="245" ind1="1" ind2="0">
   <subfield code="a">Τέχνη και τεχνική στα αμπέλια και τους οινεώνες της Β. Ελλάδας :</subfield>
   <subfield code="b">Θ' τριήμερο εργασίας, Αδριανή Δράμας, 25-27 Ιουνίου 1999</subfield>
   <subfield code="c">Πολιτιστικό Τεχνολογικό Ίδρυμα ΕΤΒΑ.</subfield>
  </datafield>
  <datafield tag="260" ind1="0" ind2=" ">
   <subfield code="a">Αθήνα :</subfield>
   <subfield code="b">Πολιτιστικό Τεχνολογικό Ίδρυμα ΕΤΒΑ,</subfield>
   <subfield code="c">c2002.</subfield>
  </datafield>
  <datafield tag="300" ind1=" " ind2=" ">
   <subfield code="a">374 σ. :</subfield>
   <subfield code="b">εικ. ;</subfield>
   <subfield code="c">24 εκ.</subfield>
  </datafield>
  <datafield tag="500" ind1=" " ind2=" ">
   <subfield code="a">Περιέχει περιλήψεις.</subfield>
  </datafield>
  <datafield tag="504" ind1=" " ind2=" ">
   <subfield code="a">Περιέχει βιβλιογραφικές αναφορές.</subfield>
  </datafield>
  <datafield tag="650" ind1=" " ind2="4">
   <subfield code="a">Αμπελουργία</subfield>
   <subfield code="z">Ελλάδα</subfield>
   <subfield code="z">Μακεδονία</subfield>
   <subfield code="x">Ιστορία</subfield>
   <subfield code="x">Συνέδρια.</subfield>
  </datafield>
  <datafield tag="650" ind1=" " ind2="4">
   <subfield code="a">Οίνοι και οινοποιία</subfield>
   <subfield code="z">Ελλάδα</subfield>
   <subfield code="z">Μακεδονία</subfield>
   <subfield code="x">Συνέδρια.</subfield>
  </datafield>
  <datafield tag="650" ind1=" " ind2="4">
   <subfield code="a">Viticulture</subfield>
   <subfield code="z">Greece</subfield>
   <subfield code="x">History</subfield>
   <subfield code="x">Congresses.</subfield>
  </datafield>
  <datafield tag="650" ind1=" " ind2="4">
   <subfield code="a">Wine and wine making</subfield>
   <subfield code="z">Greece</subfield>
   <subfield code="x">History</subfield>
   <subfield code="x">Congresses.</subfield>
  </datafield>
  <datafield tag="710" ind1="1" ind2=" ">
   <subfield code="a">Πολιτιστικό Τεχνολογικό Ίδρυμα ΕΤΒΑ.</subfield>
  </datafield>
  <datafield tag="852" ind1=" " ind2=" ">
   <subfield code="a">INST</subfield>
   <subfield code="b">UNIPILB</subfield>
   <subfield code="c">MAIN</subfield>
   <subfield code="e">20190327</subfield>
   <subfield code="h">634.809495 ΤΕΧ</subfield>
   <subfield code="p">00174050</subfield>
   <subfield code="q">00174050</subfield>
   <subfield code="t">LOAN</subfield>
   <subfield code="y">0</subfield>
   <subfield code="4">1</subfield>
  </datafield>
 </record>
</collection>
